1457 1803 1675 1422 1365 1085 1160 1704 1814 1160 1918 1270 1589 1822 1286 1532 1314 1232 1629 1179 1052 1251 1689 1795 1482 1456 1924 1484 1940 1678 1210 1968 1544 1513 1854 1166 1956 1120 1372 1146 1870 1254 1329 1306 1043 1493 1193 1778 1661 1910 1983 1420 1494 1583 1455 1720 1332 1118 1713 1929 1407 1009 1883 1337 1077 1057 1323 1998 1018 1683 1309 1799 1377 1302 1341 1847 1653 1348 1643 1079 1934 1780 1615 1074 1358 1107 1160 1308 1823 1628 1842 1912 1330 1031 1946 1695 1247 1135 1252 BCNSPRNW ULIB Ver.6.0+V

เปลี่ยนเป็นภาษาไทย

Change to English
 แสดงรายละเอียดบรรณานุกรม
  กลับหน้าหลัก

Brief Record : Get Marc (ISO 2709) : E-mail record : QR code < ปิดหน้าต่าง
LEADER : 00000nam 2200000uu 4500
001    13399113003
003     ULIB
008    110921s2545||||th 000 0 tha d
020    9747383322
050 04 N6490^bจ519ล 2545
100 0  จิระพัฒน์ พิตรปรีชา
245 10 โลกศิลปะศตวรรษที่ 20 /^cจิระพัฒน์ พิตรปรีชา
250    พิมพ์ครั้งที่ 1
260    กรุงเทพฯ :^bเมืองโบราณ,^c2545
300    530 หน้า :^bภาพประกอบ ;^c24 ซม
505 2  ศิลปะสมัยใหม่ยุคบุกเบิก -- กระบวนการสร้างสรรค์ศิลปะยุคใหม่ --การวิเคราะห์ศิลปะยุคใหม่ลัทธิต่างๆ ตั้งแต่ทศวรรษที่ 1900 ถึงทศวรรษที่ 1950-- โลกศิลปะตะวันตก ลัทธิพหุนิยม (พลูราลิสม์) ตั้งแต่ทศวรรษที่ 1960 -- วาทะของศิลปินซึ่งแสดงออกถึงแนวความคิดและแรงบันดาลใจในการสร้างสรรค์ศิลปะ ตัวอย่างผลงานที่สัมพันธ์กัน
650  7 ศิลปกรรมสมัยใหม่^yคริสต์ศตวรรษที่ 20
650  7 ศิลปะคิวบิสม์
710 2  จุฬาลงกรณ์มหาวิทยาลัย.^bภาควิชาทัศนศิลป์
945    ^p550^l0^i015989
995    ทศพร
999 ^a ทศพร
รายการนี้ยังไม่มีแท็ก
คุณยังไม่ได้ล็อกอิน คุณสามารถมีกิจกรรมร่วมกับเว็บไซต์ได้ แต่ต้องล็อกอินก่อน ::
  ล็อกอิน

รายการสื่อสารสนเทศ

ลำดับที่ ประเภท เลขเรียก/บาร์โค้ด สถานที่ สถานะ
- ไม่พบข้อมูล -

BibComment


ยังไม่เคยถูกคอมเมนท์

คอมเมนท์ทรัพยากรรายการนี้
  คอมเมนท์: โลกศิลปะศตวรรษที่..


 Copyright 2026. Bcnsprnw @Library